مكتبة جامعة عجلون الوطنية

فهرس بحث المكتبة

متحف الوهادنة للتراث الشعبي : ذاكرة وطن / (Record no. 33340)

MARC details
000 -LEADER
fixed length control field 00841nam a22002177a 4500
003 - CONTROL NUMBER IDENTIFIER
control field JO-AjAnu
005 - DATE AND TIME OF LATEST TRANSACTION
control field 20240326091001.0
008 - FIXED-LENGTH DATA ELEMENTS--GENERAL INFORMATION
fixed length control field 240325b jo ||||| |||| 00| 0 ara d
020 ## - INTERNATIONAL STANDARD BOOK NUMBER
International Standard Book Number 9789923008348
040 ## - CATALOGING SOURCE
Original cataloging agency JO-AjAnu
Transcribing agency JO-AjAnu
041 #0 - LANGUAGE CODE
Language code of text/sound track or separate title ara
050 ## - LIBRARY OF CONGRESS CALL NUMBER
Classification number GT61.
Item number S53 2023
100 #1 - MAIN ENTRY--PERSONAL NAME
Personal name الشريدة، محمود حسين.
Relator term مؤلف
9 (RLIN) 33604
245 #0 - TITLE STATEMENT
Title متحف الوهادنة للتراث الشعبي : ذاكرة وطن /
Statement of responsibility, etc. تأليف محمود حسين الشريدة
250 ## - EDITION STATEMENT
Edition statement الطبعة الاولى
260 ## - PUBLICATION, DISTRIBUTION, ETC.
Place of publication, distribution, etc. عجلون :
Name of publisher, distributor, etc. المؤلف،
Date of publication, distribution, etc. 2023
300 ## - PHYSICAL DESCRIPTION
Extent 265 صفحة
504 ## - BIBLIOGRAPHY, ETC. NOTE
Bibliography, etc. note يحتوي على قائمة مراجع
650 40 - SUBJECT ADDED ENTRY--TOPICAL TERM
Topical term or geographic name entry element العادات والتقاليد - الهوية الثقافية - المتاحف - التراث الشعبي - الاردن
9 (RLIN) 65120
942 ## - ADDED ENTRY ELEMENTS (KOHA)
Source of classification or shelving scheme Library of Congress Classification
Koha item type Books
Suppress in OPAC No
Holdings
Withdrawn status Lost status Source of classification or shelving scheme Damaged status Not for loan Home library Current library Date acquired Total Checkouts Full call number Barcode Date last seen Price effective from Koha item type
    Library of Congress Classification     مكتبة جامعة عجلون الوطنية مكتبة جامعة عجلون الوطنية 25/03/2024   GT61.S53 2023 a29854 25/03/2024 25/03/2024 Books
    Library of Congress Classification     مكتبة جامعة عجلون الوطنية مكتبة جامعة عجلون الوطنية 27/03/2024   GT61.S53 2023 a29868 27/03/2024 27/03/2024 Books